000 00300nam a22001337a 4500
008 180928b xxu||||| |||| 00| 0 eng d
020 _a081512835
041 _aeng
080 _23 ED
_a617
100 _a5
101 _aKIR
245 _aCurrent Surgical Therapy
_cCameronJ .L
942 _2udc
_cBK
999 _c48654
_d48654